Loading...
Philosophy | 0 | 7 | 2 | 1 | 60 | 77 | 107.71 | 0 | 2 |
Literature - British Literature | 0 | 3 | 0 | 1 | 30 | 128 | 138.33 | 0 | 0 |
History - European History | 0 | 3 | 1 | 1 | 25 | 91 | 114.67 | 0 | 2 |
Current Events | 0 | 2 | 0 | 0 | 20 | 74 | 76.00 | 1 | 1 |
History - Other History | 0 | 2 | 0 | 1 | 20 | 101 | 124.00 | 0 | 0 |
Religion | 0 | 3 | 2 | 2 | 20 | 71 | 111.67 | 0 | 1 |
Fine Arts - Other Fine Arts | 0 | 2 | 0 | 0 | 20 | 49 | 86.50 | 0 | 1 |
Social Science | 0 | 1 | 0 | 0 | 10 | 94 | 94.00 | 0 | 0 |
Geography | 0 | 1 | 0 | 0 | 10 | 99 | 99.00 | 0 | 0 |
History - World History | 0 | 1 | 0 | 0 | 10 | 77 | 77.00 | 0 | 1 |
Literature - European Literature | 0 | 1 | 0 | 1 | 10 | 168 | 168.00 | 0 | 0 |
Other Academic | 0 | 1 | 0 | 0 | 10 | 103 | 103.00 | 0 | 1 |
Science - Biology | 0 | 1 | 0 | 0 | 10 | 123 | 123.00 | 0 | 0 |
Science - Chemistry | 0 | 1 | 0 | 0 | 10 | 146 | 146.00 | 0 | 0 |
Science - Other Science | 0 | 1 | 1 | 0 | 5 | 133 | 133.00 | 0 | 0 |
Mythology | 0 | 1 | 1 | 0 | 5 | 107 | 107.00 | 0 | 0 |
Science - Physics | 0 | 0 | 1 | 0 | -5 | 0.00 | 0 | 0 |